| 000 | 02996nam0a2200409 4500 | ||
|---|---|---|---|
| 001 | RU\NLR\BIBL_A\022581682 | ||
| 005 | 20251117165319.0 | ||
| 010 |
_a978-5-907838-09-3 _9500 |
||
| 021 |
_aRU _bКН-П-25-028215 _9КН-П-25-2798 |
||
| 035 | _a(NLR Aleph) 022581682 | ||
| 090 |
_a13464607 _c13464607 |
||
| 100 | _a20250708d2024 k y0rusy50 ca | ||
| 101 | 0 | _arus | |
| 102 | _aRU | ||
| 105 | _aa z 000yy | ||
| 181 | 0 |
_ai _baxxe |
|
| 182 | 0 | _an | |
| 200 | 1 |
_aПрофессиональная подготовка кадров в системе Следственного комитета Российской Федерации _eмонография _f[Розовская Татьяна Игоревна – кандидат юридических наук, доцент, полковник юстиции, Емельянова Елена Владимировна – кандидат экономических наук, доктор юридических наук, доцент, полковник юстиции, Бутенко Олег Сергеевич – кандидат юридических наук, доцентподполковник юстиции и др.] _gпод редакцией Е. В. Емельяновой, О. С. Бутенко _gСледственный комитет Российской Федерации, Санкт-Петербургская академия Следственного комитета |
|
| 203 |
_aТекст _bвизуальный _cнепосредственный |
||
| 210 |
_aСанкт-Петербург _cСанкт-Петербургская академия Сдедственного комитета _d2024 |
||
| 215 |
_a179 с. _cил., табл. _d21 |
||
| 300 | _aАвт. указаны на с. 3–4 | ||
| 320 | _aБиблиогр. в подстроч. примеч. | ||
| 601 | 0 | 1 |
_aРоссийская Федерация _bСледственный комитет _xКадры _xПодготовка _92677159 _3RU\NLR\AUTH\6601759946 |
| 686 | 1 | _aХ629.14 | |
| 686 | 1 | _aЧ489.44(2Р) | |
| 701 | 1 |
_aРозовская _bТ. И. _cканд. юрид. наук _gТатьяна Игоревна _9188860 _3RU\NLR\AUTH\770188911 |
|
| 701 | 1 |
_7ca _8rus _aЕмельянова _bЕ. В. _cканд. экон. наук _gЕлена Владимировна _981153 _3RU\NLR\AUTH\7798227 |
|
| 701 | 1 |
_aБутенко _bО. С. _gОлег Сергеевич |
|
| 702 | 1 |
_4340 _7ca _8rus _aЕмельянова _bЕ. В. _cканд. экон. наук _gЕлена Владимировна _981153 _3RU\NLR\AUTH\7798227 |
|
| 702 | 1 |
_aБутенко _bО. С. _gОлег Сергеевич _4340 |
|
| 712 | 0 | 2 |
_4475 _aСанкт-Петербургская академия Следственного комитета Российской Федерации _9577445 _3RU\NLR\AUTH\880457135 |
| 942 | _cBOOK | ||
| 980 | _aNB | ||